000 00459cam a2200181ua 4500
020 _c20.00
041 _aeng
_h
082 _a330.954
_bOOM/KE
100 _aOomman, M A .
245 _aKerala economy since independence /
_cM A Oomman.
_hTextual Documents
250 _a1 /
_b.
260 _aNew Delhi :
_bOxford & IBH Publishing company ,
_c1979.
300 _a185 ; .
365 _a20.00
504 _a
942 _cBK
999 _c12098
_d12098